000 00290nam a22001337a 4500
008 170606b xxu||||| |||| 00| 0 eng d
020 _a9781568590677
041 _aeng
080 _a94
100 _a18
101 _aSHH
245 _aTHE KURDISH QUESTION
_cOLSON.R
942 _2udc
_cBK
999 _c16120
_d16120